[Event "1st Turkish League 2017"]
[Site "Konya"]
[Date "2017.07.19"]
[Round "4"]
[White "Yelligedik, Murat"]
[Black "Rzayev, Askar Aliakbar"]
[Result "1/2-1/2"]
[WhiteElo "2014"]
[BlackElo "2080"]
[Annotator "NA"]
[PlyCount "80"]
[EventType "team-tourn"]
[EventCountry "TUR"]
[SourceTitle "playchess.com"]
[Source "ChessBase"]
[SourceQuality "1"]
[TimeControl "5400+30"]

1. e4 {[%emt 0:00:30]} Nc6 {[%emt 0:01:00]} 2. Nc3 {[%emt 0:00:00]} e5 {[%emt 0:00:30]} 3. Nf3 {[%emt 0:02:00]} Nf6 {[%emt 0:00:30]} 4. d4 {[%emt 0:01:30]} exd4 {[%emt 0:00:30]} 5. Nxd4 {[%emt 0:00:30]} Bb4 {[%emt 0:00:30]} 6. Nxc6 {[%emt 0:00:30]} bxc6 {[%emt 0:00:30]} 7. Bd3 {[%emt 0:00:00]} d5 {[%emt 0:00:00]} 8. exd5 {[%emt 0:00:00]} cxd5 {[%emt 0:00:00]} 9. O-O {[%emt 0:00:30]} O-O {[%emt 0:00:30]} 10. Bg5 {[%emt 0:00:30]} c6 {[%emt 0:00:00]} 11. Qf3 {[%emt 0:00:00]} h6 {[%emt 0:00:00]} 12. Bxf6 {[%emt 0:11:00]} Qxf6 {[%emt 0:00:30]} 13. Qxf6 {[%emt 0:00:30]} gxf6 {[%emt 0:00:30]} 14. Ne2 {[%emt 0:03:30]} Bd7 {[%emt 0:04:30]} 15. Ng3 {[%emt 0:13:30]} Bd6 {[%emt 0:00:30]} 16. Nh5 {[%emt 0:10:30]} Be5 {[%emt 0:00:30]} 17. c3 {[%emt 0:00:00]} Bg4 {[%emt 0:06:30]} 18. Ng3 $11 {[%emt 0:11:00]} h5 {[%emt 0:18:30]} 19. f3 {[%emt 0:25:49]} h4 {[%emt 0:00:30]} 20. Ne2 {[%emt 0:04:17]} Bd7 {[%emt 0:00:30]} 21. f4 {[%emt 0:01:54]} Bd6 {[%emt 0:00:30]} 22. Nd4 {[%emt 0:05:53]} c5 {[%emt 0:04:30]} 23. Nf5 {[%emt 0:00:28]} Bxf5 {[%emt 0:00:30]} 24. Bxf5 {[%emt 0:00:01]} Rfe8 {[%emt 0:02:30]} 25. g3 {[%emt 0:01:36]} hxg3 {[%emt 0:00:30]} 26. hxg3 {[%emt 0:00:30]} Re2 {[%emt 0:00:30]} 27. Rf2 {[%emt 0:00:30]} Rae8 {[%emt 0:00:30]} 28. Bg4 {[%emt 0:00:30]} R2e3 {[%emt 0:00:30]} 29. Kg2 {[%emt 0:00:30]} d4 {[%emt 0:00:30]} 30. Rd1 {[%emt 0:00:30]} d3 {[%emt 0:00:30]} 31. c4 {[%emt 0:00:35]} Bc7 {[%emt 0:15:30]} 32. Rfd2 {[%emt 0:01:12]} Rd8 {[%emt 0:14:30]} 33. Kf2 {[%emt 0:00:38]} Re4 {[%emt 0:01:30]} 34. b3 {[%emt 0:00:39]} Red4 {[%emt 0:01:30]} 35. Bf5 {[%emt 0:00:11]} Bxf4 {[%emt 0:00:30]} 36. Rxd3 {[%emt 0:00:11]} Be5 {[%emt 0:00:30]} 37. Kf3 {[%emt 0:00:55]} a5 {[%emt 0:00:30]} 38. Rxd4 {[%emt 0:01:24]} Bxd4 {[%emt 0:00:00]} 39. Rd2 {[%emt 0:02:48]} Kf8 {[%emt 0:01:00]} 40. Be4 {[%emt 0:00:15]} Re8 {[%emt 0:00:30]} 1/2-1/2

[Event "1st Turkish League 2017"]
[Site "Konya"]
[Date "2017.07.19"]
[Round "4"]
[White "Karacan, Can Berk"]
[Black "Guncan, Berke"]
[Result "1/2-1/2"]
[WhiteElo "2009"]
[BlackElo "2043"]
[Annotator "NA"]
[PlyCount "70"]
[EventType "team-tourn"]
[EventCountry "TUR"]
[SourceTitle "playchess.com"]
[Source "ChessBase"]
[SourceQuality "1"]
[TimeControl "5400+30"]

1. e4 {[%emt 0:00:30]} c5 {[%emt 0:02:00]} 2. Nf3 {[%emt 0:00:00]} g6 {[%emt 0:00:00]} 3. d4 {[%emt 0:01:00]} cxd4 {[%emt 0:00:00]} 4. Nxd4 {[%emt 0:00:00]} Nc6 {[%emt 0:00:30]} 5. c4 {[%emt 0:00:00]} Nf6 {[%emt 0:00:00]} 6. Nc3 {[%emt 0:00:30]} Nxd4 {[%emt 0:01:00]} 7. Qxd4 {[%emt 0:00:30]} d6 {[%emt 0:00:00]} 8. Be2 {[%emt 0:00:30]} Bg7 {[%emt 0:00:00]} 9. Be3 {[%emt 0:00:00]} O-O {[%emt 0:00:30]} 10. Qd2 {[%emt 0:00:00]} a5 {[%emt 0:01:30]} 11. f3 {[%emt 0:01:30]} a4 {[%emt 0:00:30]} 12. O-O {[%emt 0:01:30]} Qa5 {[%emt 0:02:30]} 13. Rac1 {[%emt 0:00:00]} Be6 {[%emt 0:00:00]} 14. Nd5 {[%emt 0:01:00]} Qxd2 {[%emt 0:06:00]} 15. Nxe7+ {[%emt 0:01:30]} Kh8 {[%emt 0:00:30]} 16. Bxd2 {[%emt 0:00:30]} Rfe8 {[%emt 0:00:30]} 17. Nd5 {[%emt 0:00:00]} Nxd5 {[%emt 0:00:00]} 18. cxd5 {[%emt 0:00:00]} Bxd5 {[%emt 0:00:00]} 19. Bb5 {[%emt 0:02:30]} Re5 {[%emt 0:01:30]} 20. Bxa4 {[%emt 0:02:30]} Bxa2 {[%emt 0:03:30]} 21. b3 {[%emt 0:01:30]} Rc5 {[%emt 0:17:30]} 22. Be3 {[%emt 0:04:30]} b5 {[%emt 0:03:30]} 23. Bxc5 {[%emt 0:15:30]} bxa4 {[%emt 0:00:30]} 24. Bxd6 {[%emt 0:05:30]} axb3 {[%emt 0:00:30]} 25. e5 {[%emt 0:04:30]} b2 {[%emt 0:01:30]} 26. Rcd1 {[%emt 0:00:30]} Bh6 {[%emt 0:08:30]} 27. e6 $11 {[%emt 0:12:30]} fxe6 {[%emt 0:04:30]} 28. Be5+ {[%emt 0:00:30]} Bg7 {[%emt 0:00:30]} 29. Bxg7+ {[%emt 0:00:30]} Kxg7 {[%emt 0:00:30]} 30. Rd7+ {[%emt 0:00:30]} Kf6 {[%emt 0:00:30]} 31. Rb7 {[%emt 0:00:00]} b1=Q {[%emt 0:00:00]} 32. Rfxb1 {[%emt 0:00:00]} Bxb1 {[%emt 0:00:00]} 33. Rxb1 {[%emt 0:00:30]} Ra2 {[%emt 0:00:30]} 34. Rb4 {[%emt 0:02:30]} g5 {[%emt 0:00:30]} 35. h3 {[%emt 0:00:30]} Ke5 {[%emt 0:00:30]} 1/2-1/2

[Event "1st Turkish League 2017"]
[Site "Konya"]
[Date "2017.07.19"]
[Round "4"]
[White "Zeydan, Salih"]
[Black "Hajiyev, Shahin"]
[Result "1-0"]
[WhiteElo "2001"]
[BlackElo "2008"]
[Annotator "NA"]
[PlyCount "51"]
[EventType "team-tourn"]
[EventCountry "TUR"]
[SourceTitle "playchess.com"]
[Source "ChessBase"]
[SourceQuality "1"]
[TimeControl "5400+30"]

1. e4 {[%emt 0:00:30]} c5 {[%emt 0:01:00]} 2. Nf3 {[%emt 0:00:00]} d6 {[%emt 0:00:30]} 3. d4 {[%emt 0:00:00]} cxd4 {[%emt 0:00:30]} 4. Nxd4 {[%emt 0:00:30]} Nf6 {[%emt 0:00:00]} 5. Nc3 {[%emt 0:00:30]} a6 {[%emt 0:00:00]} 6. Bg5 {[%emt 0:00:30]} e6 {[%emt 0:00:00]} 7. f4 {[%emt 0:00:00]} Qb6 {[%emt 0:00:00]} 8. Qd2 {[%emt 0:15:00]} Qxb2 {[%emt 0:00:30]} 9. Rb1 {[%emt 0:00:30]} Qa3 {[%emt 0:00:00]} 10. f5 {[%emt 0:00:00]} Nc6 {[%emt 0:01:00]} 11. fxe6 {[%emt 0:00:00]} fxe6 {[%emt 0:00:00]} 12. Nxc6 {[%emt 0:00:30]} bxc6 {[%emt 0:00:00]} 13. Be2 {[%emt 0:01:30]} Be7 {[%emt 0:00:30]} 14. O-O {[%emt 0:01:30]} O-O {[%emt 0:00:30]} 15. Rb3 {[%emt 0:00:30]} Qa5 {[%emt 0:09:30]} 16. Nd5 {[%emt 0:03:30]} Qd8 {[%emt 0:18:30]} 17. Nxe7+ {[%emt 0:06:30] LiveBook: 8 Games} Qxe7 {[%emt 0:00:30]} 18. Rbf3 $11 {[%emt 0:01:30]} (18. Rd3 $16) 18... Bb7 {[%emt 0:12:30]} 19. Bd3 {[%emt 0:15:30]} Rf7 {[%emt 0:14:30]} 20. Qf2 {[%emt 0:12:30]} Raf8 {[%emt 0:01:30]} 21. e5 {[%emt 0:03:30]} dxe5 {[%emt 0:00:30]} 22. Qh4 {[%emt 0:08:30]} e4 {[%emt 0:02:30]} 23. Bxe4 {[%emt 0:04:30]} Qc5+ {[%emt 0:00:30]} 24. Be3 {[%emt 0:02:30]} Qh5 {[%emt 0:01:30]} 25. Qxh5 {[%emt 0:00:30]} Nxh5 {[%emt 0:00:30]} 26. Bxh7+ {[%emt 0:00:00]} 1-0

[Event "1st Turkish League 2017"]
[Site "Konya"]
[Date "2017.07.19"]
[Round "4"]
[White "Gokbulut, Julia"]
[Black "Bivol, Alina"]
[Result "1/2-1/2"]
[WhiteElo "1997"]
[BlackElo "2379"]
[Annotator "NA"]
[PlyCount "93"]
[EventType "team-tourn"]
[EventCountry "TUR"]
[SourceTitle "playchess.com"]
[Source "ChessBase"]
[SourceQuality "1"]
[TimeControl "5400+30"]

1. d4 {[%emt 0:00:30]} d5 {[%emt 0:01:00]} 2. Nf3 {[%emt 0:00:30]} Nf6 {[%emt 0:00:00]} 3. c4 {[%emt 0:00:30]} dxc4 {[%emt 0:00:00]} 4. Qa4+ {[%emt 0:00:30]} c6 {[%emt 0:01:30]} 5. Qxc4 {[%emt 0:00:30]} Bg4 {[%emt 0:00:00] LiveBook: 589 Games} 6. Nbd2 {[%emt 0:01:30]} Nbd7 {[%emt 0:01:00] D23: Queen's Gambit Accepted: 3 Nf3 Nf6 sidelines} 7. e3 {[%emt 0:02:30]} (7. g3 e6 8. Bg2 Be7 9. Qb3 Qb6 10. O-O O-O 11. Nc4 Qa6 12. Bg5 h6 13. Bxf6 Bxf6 14. e3 {½-½ (43) Kozul,Z (2617)-Mamedov,R (2689) Minsk 2017}) 7... e6 {[%emt 0:01:30]} 8. h3 $146 {[%emt 0:01:30]} ({Predecessor:} 8. Be2 Be7 9. O-O {½-½ (9) Slipak,S (2420)-Della Morte,G (2384) Buenos Aires 2014}) 8... Bxf3 {[%emt 0:00:00]} 9. Nxf3 {[%emt 0:00:30]} Bd6 {[%emt 0:00:00]} 10. Bd2 {[%emt 0:00:30]} Qe7 {[%emt 0:21:30]} 11. Be2 {[%emt 0:04:30]} O-O {[%emt 0:01:30]} 12. a3 {[%emt 0:11:30]} Rfd8 {[%emt 0:02:30]} 13. Rd1 {[%emt 0:02:30]} Rac8 {[%emt 0:06:30]} 14. Qb3 {[%emt 0:02:30]} b6 {[%emt 0:00:30]} 15. O-O {[%emt 0:01:30]} c5 {[%emt 0:00:30]} 16. Ba6 {[%emt 0:04:30]} Rc7 {[%emt 0:00:30]} 17. Rfe1 {[%emt 0:05:30]} Ne4 {[%emt 0:01:30]} 18. Re2 {[%emt 0:05:30]} h5 {[%emt 0:07:30]} 19. Bd3 {[%emt 0:04:30]} Ndf6 {[%emt 0:00:00]} 20. Be1 {[%emt 0:05:30]} Rdc8 {[%emt 0:02:00]} 21. Bxe4 {[%emt 0:01:30]} Nxe4 {[%emt 0:00:30]} 22. Qd3 {[%emt 0:00:00]} f5 {[%emt 0:02:30]} 23. dxc5 {[%emt 0:02:00]} Rxc5 {[%emt 0:02:30]} 24. Nd4 $11 {[%emt 0:03:30]} Rc1 {[%emt 0:11:30]} 25. Rc2 {[%emt 0:06:30]} R1xc2 {[%emt 0:02:30]} 26. Nxc2 {[%emt 0:00:00]} Be5 {[%emt 0:02:30]} 27. Nd4 {[%emt 0:04:00]} Bxd4 {[%emt 0:03:30]} 28. Qxd4 {[%emt 0:02:30]} Rc7 {[%emt 0:06:30]} 29. f3 {[%emt 0:01:30]} Nc5 {[%emt 0:01:30]} 30. Qe5 {[%emt 0:02:30]} Rd7 {[%emt 0:05:46]} 31. Rxd7 {[%emt 0:02:30]} Qxd7 {[%emt 0:00:03]} 32. Bc3 {[%emt 0:00:30]} Nb7 {[%emt 0:01:15]} 33. Qb8+ {[%emt 0:02:49]} Nd8 {[%emt 0:00:40]} 34. Kf2 {[%emt 0:02:30]} Kh7 {[%emt 0:00:15]} 35. Qg3 {[%emt 0:00:54]} Qe7 {[%emt 0:02:26]} 36. Bb4 {[%emt 0:03:54]} Qf7 {[%emt 0:03:52]} 37. Qd6 {[%emt 0:02:11]} Nb7 {[%emt 0:00:23]} 38. Qd4 {[%emt 0:04:44]} Kg8 {[%emt 0:04:07]} 39. g4 {[%emt 0:01:32]} hxg4 {[%emt 0:01:18]} 40. hxg4 {[%emt 0:00:05]} Qc7 {[%emt 0:01:10]} 41. Kg2 {[%emt 0:01:16]} fxg4 {[%emt 0:00:46]} 42. Qxg4 {[%emt 0:01:37]} Qd7 {[%emt 0:00:05]} 43. Bc3 {[%emt 0:00:25]} Nd6 {[%emt 0:00:51]} 44. Kf2 {[%emt 0:01:10]} Nf5 {[%emt 0:00:50]} 45. Qg6 {[%emt 0:00:39]} Qe7 {[%emt 0:00:48]} 46. Ke2 {[%emt 0:00:28]} Qd7 {[%emt 0:01:05]} 47. Kf2 {[%emt 0:00:38]} 1/2-1/2

[Event "1st Turkish League 2017"]
[Site "Konya"]
[Date "2017.07.19"]
[Round "4"]
[White "Yerden, Huseyin Eren"]
[Black "Kilic, Efe Mert"]
[Result "0-1"]
[WhiteElo "1904"]
[BlackElo "2287"]
[Annotator "NA"]
[PlyCount "64"]
[EventType "team-tourn"]
[EventCountry "TUR"]
[SourceTitle "playchess.com"]
[Source "ChessBase"]
[SourceQuality "1"]
[TimeControl "5400+30"]

1. d4 {[%emt 0:00:30]} d5 {[%emt 0:01:00]} 2. c4 {[%emt 0:00:30]} c6 {[%emt 0:00:00]} 3. Nf3 {[%emt 0:00:30]} Nf6 {[%emt 0:00:00]} 4. Nc3 {[%emt 0:00:30]} e6 {[%emt 0:00:30]} 5. e3 {[%emt 0:00:30]} Nbd7 {[%emt 0:00:00]} 6. Bd3 {[%emt 0:00:30]} dxc4 {[%emt 0:00:00]} 7. Bxc4 {[%emt 0:00:00]} b5 {[%emt 0:00:30]} 8. Bd3 {[%emt 0:00:00]} a6 {[%emt 0:00:30]} 9. e4 {[%emt 0:03:30]} c5 {[%emt 0:07:30]} 10. d5 {[%emt 0:06:30]} c4 {[%emt 0:02:30]} 11. Bc2 {[%emt 0:06:30]} Qc7 {[%emt 0:06:30]} 12. O-O {[%emt 0:04:30]} Bb7 {[%emt 0:00:30]} 13. Re1 {[%emt 0:07:30]} Bc5 {[%emt 0:10:30] LiveBook: 5 Games} 14. dxe6 {[%emt 0:08:30]} fxe6 {[%emt 0:00:30]} 15. e5 {[%emt 0:01:30]} Ng4 {[%emt 0:00:30]} 16. Nd4 {[%emt 0:00:30]} Ndxe5 {[%emt 0:02:30]} 17. Bf4 $19 {[%emt 0:30:30]} O-O-O {[%emt 0:02:30]} 18. Qxg4 {[%emt 0:05:30]} Nxg4 {[%emt 0:01:30]} 19. Bxc7 {[%emt 0:00:30]} Rxd4 {[%emt 0:02:30]} 20. Bg3 {[%emt 0:01:30]} Rd2 {[%emt 0:02:30]} 21. Re2 {[%emt 0:00:30]} Rxe2 {[%emt 0:01:30]} 22. Nxe2 {[%emt 0:00:30]} Rd8 {[%emt 0:00:30]} 23. h3 {[%emt 0:02:29]} Rd2 {[%emt 0:01:30]} 24. Bd1 {[%emt 0:00:21]} Nf6 {[%emt 0:00:30]} 25. Bf4 {[%emt 0:00:32]} Rxb2 {[%emt 0:07:30]} 26. Bc1 {[%emt 0:00:28]} Rxe2 {[%emt 0:00:30]} 27. Bxe2 {[%emt 0:00:30]} Bd4 {[%emt 0:00:30]} 28. Rb1 {[%emt 0:00:20]} Be4 {[%emt 0:00:30]} 29. Rb4 {[%emt 0:02:14]} Nd5 {[%emt 0:01:30]} 30. a3 {[%emt 0:01:22]} Nxb4 {[%emt 0:00:30]} 31. axb4 {[%emt 0:00:01]} Bc3 {[%emt 0:00:30]} 32. Ba3 {[%emt 0:00:23]} Bd2 {[%emt 0:00:30]} 0-1

[Event "1st Turkish League 2017"]
[Site "Konya"]
[Date "2017.07.19"]
[Round "4"]
[White "Sahin, Handenur"]
[Black "Khukhashvili, Sopiko"]
[Result "0-1"]
[WhiteElo "1897"]
[BlackElo "2339"]
[Annotator "NA"]
[PlyCount "76"]
[EventType "team-tourn"]
[EventCountry "TUR"]
[SourceTitle "playchess.com"]
[Source "ChessBase"]
[SourceQuality "1"]
[TimeControl "5400+30"]

1. e4 e6 2. d4 d5 3. Nd2 Nf6 4. e5 Nfd7 5. Bd3 c5 6. c3 Nc6 7. Ne2 cxd4 8. cxd4 f6 9. exf6 Nxf6 10. Nf3 Bd6 11. Bg5 O-O 12. O-O Qc7 13. Rc1 Bd7 14. Qc2 {C06: French Tarrasch: 3...Nf6 4 e5 Nfd7 5 Bd3 main lines} (14. Re1 Rac8 15. a3 h6 16. Bh4 Be8 17. Bg3 Bh5 18. Ne5 Bxe5 19. dxe5 Ne4 20. Bxe4 dxe4 21. Qd6 Bxe2 22. Qxc7 Rxc7 23. Rxe2 {½-½ (35) Tiviakov,S (2612)-Sengupta,D (2580) Douglas 2015}) 14... Be8 15. Ng3 h6 16. Bxf6 $146 ({Predecessor:} 16. Bd2 Qb6 17. Bc3 Nb4 18. Bxb4 Qxb4 19. Qe2 Bf4 20. Rc3 Qd6 21. Re1 Bf7 {0-1 (83) Aranovitch,E (2110)-Wueest,A (2225) Switzerland 1998}) 16... Rxf6 17. Rfe1 Qb6 18. Qd1 Bxg3 ({Stronger than} 18... Nxd4 19. Nxd4 Rxf2 20. Rxe6 $18) 19. hxg3 Bh5 $1 20. Rc3 Bxf3 21. gxf3 Nxd4 22. Bb1 Raf8 23. f4 g6 24. Rd3 Nc6 25. Rb3 Qc7 26. Rbe3 Qf7 27. Qg4 {[#]} Nd8 $11 (27... e5 $1 $17 {[%mdl 512]} 28. fxe5 Rxf2 29. Qxg6+ Qxg6 30. Bxg6 Rxb2) 28. Re5 Qg7 29. Bd3 a6 30. a3 h5 31. Qd1 h4 32. Qg4 Qh6 33. Rg5 hxg3 34. fxg3 Kg7 35. f5 exf5 36. Re7+ R8f7 37. Bxf5 Rxe7 38. Bxg6 Re1+ 0-1

[Event "1st Turkish League 2017"]
[Site "Konya"]
[Date "2017.07.19"]
[Round "4"]
[White "Temel, Burcu Melis"]
[Black "Nechaeva, Marina"]
[Result "0-1"]
[WhiteElo "1846"]
[BlackElo "2408"]
[Annotator "ChessBase"]
[PlyCount "66"]
[EventType "team-tourn"]
[EventCountry "TUR"]
[SourceTitle "playchess.com"]
[Source "ChessBase"]
[SourceQuality "1"]
[TimeControl "5400+30"]

1. e4 {[%emt 0:00:30]} c5 {[%emt 0:01:00]} 2. Nf3 {[%emt 0:00:30]} d6 {[%emt 0:00:00]} 3. d4 {[%emt 0:00:00]} cxd4 {[%emt 0:00:00]} 4. Nxd4 {[%emt 0:00:00]} Nf6 {[%emt 0:00:00]} 5. Nc3 {[%emt 0:00:00]} a6 {[%emt 0:00:00]} 6. a4 {[%emt 0:07:00]} e5 {[%emt 0:01:30]} 7. Nf3 {[%emt 0:00:30]} Be7 {[%emt 0:04:30]} 8. Bg5 {[%emt 0:04:30]} Nbd7 {[%emt 0:04:30]} 9. Bc4 {[%emt 0:04:30]} O-O {[%emt 0:00:00]} 10. O-O {[%emt 0:00:30]} h6 {[%emt 0:11:00]} 11. Be3 {[%emt 0:13:30]} b6 {[%emt 0:06:30]} 12. Nh4 {[%emt 0:10:30]} Bb7 {[%emt 0:03:30]} 13. Nf5 {[%emt 0:01:30]} Rc8 {[%emt 0:06:30]} 14. Qe2 {[%emt 0:13:30]} a5 {[%emt 0:08:30]} 15. Rad1 {[%emt 0:07:30]} Kh7 {[%emt 0:05:30]} 16. f3 {[%emt 0:12:30]} Nc5 {[%emt 0:09:30]} 17. Nb5 {[%emt 0:00:30]} Ne8 {[%emt 0:00:30]} 18. b3 {[%emt 0:01:30]} Ba8 {[%emt 0:11:30]} 19. Qd2 {[%emt 0:03:41]} Nxa4 {[%emt 0:01:30]} 20. Bxh6 {[%emt 0:01:29]} Nb2 {[%emt 0:00:30]} 21. Bxg7 {[%emt 0:03:40]} Bg5 {[%emt 0:00:30]} 22. f4 {[%emt 0:00:00]} Nxg7 {[%emt 0:00:00]} 23. fxg5 {[%emt 0:00:19]} Nxf5 {[%emt 0:01:00]} 24. exf5 {[%emt 0:00:45]} Nxc4 {[%emt 0:02:30]} 25. bxc4 {[%emt 0:00:30]} Rxc4 {[%emt 0:00:00]} 26. Qe3 {[%emt 0:00:45]} Rxc2 {[%emt 0:02:00]} 27. Rf2 {[%emt 0:01:59]} Rxf2 {[%emt 0:00:30]} 28. Kxf2 {[%emt 0:00:30]} Qd7 {[%emt 0:06:17]} 29. Nxd6 {[%emt 0:04:01]} Qc6 {[%emt 0:00:07]} 30. Qh3+ {[%emt 0:01:48]} Kg8 {[%emt 0:00:07]} 31. f6 {[%emt 0:02:48]} Rd8 {[%emt 0:05:23]} 32. Qh6 {[%emt 0:02:39]} Qxg2+ {[%emt 0:00:22]} 33. Ke3 {[%emt 0:01:08]} Qf3+ {[%emt 0:00:12]} 0-1

[Event "1st Turkish League 2017"]
[Site "Konya"]
[Date "2017.07.19"]
[Round "4"]
[White "Yorgun, Yaren Naz"]
[Black "Elma, Muge"]
[Result "1/2-1/2"]
[WhiteElo "1733"]
[BlackElo "1513"]
[Annotator "NA"]
[PlyCount "66"]
[EventType "team-tourn"]
[EventCountry "TUR"]
[SourceTitle "playchess.com"]
[Source "ChessBase"]
[SourceQuality "1"]
[TimeControl "5400+30"]

1. e4 {[%emt 0:00:30]} c5 {[%emt 0:01:00]} 2. Nc3 {[%emt 0:00:00]} d6 {[%emt 0:00:30]} 3. f4 {[%emt 0:00:00]} Nc6 {[%emt 0:01:30]} 4. Bb5 {[%emt 0:00:00]} e6 {[%emt 0:01:30]} 5. Nf3 {[%emt 0:01:00]} Nge7 {[%emt 0:00:30]} 6. O-O {[%emt 0:01:30]} a6 {[%emt 0:01:30]} 7. Bxc6+ {[%emt 0:00:00]} Nxc6 {[%emt 0:01:30]} 8. Qe1 {[%emt 0:03:00]} Be7 {[%emt 0:03:30]} 9. Qg3 {[%emt 0:05:30]} O-O {[%emt 0:01:30]} 10. d3 {[%emt 0:02:30]} Re8 {[%emt 0:04:30]} 11. Nd1 {[%emt 0:04:30]} d5 {[%emt 0:11:30]} 12. Ne3 {[%emt 0:03:30]} dxe4 {[%emt 0:04:30]} 13. dxe4 {[%emt 0:00:30]} Nd4 {[%emt 0:01:30]} 14. Nxd4 {[%emt 0:03:30]} Qxd4 {[%emt 0:03:30]} 15. Qf3 {[%emt 0:01:30]} Qd6 {[%emt 0:07:30]} 16. b3 {[%emt 0:06:30]} Qc6 {[%emt 0:07:30]} 17. Bb2 {[%emt 0:02:30]} Bf8 {[%emt 0:01:30]} 18. Rae1 {[%emt 0:20:30]} f5 {[%emt 0:10:30]} 19. Qg3 {[%emt 0:00:30]} b5 {[%emt 0:03:30]} 20. Qg5 {[%emt 0:02:30]} c4 {[%emt 0:07:30]} 21. Be5 {[%emt 0:06:30]} Qc5 {[%emt 0:02:30]} 22. Kh1 {[%emt 0:01:30]} cxb3 {[%emt 0:00:30]} 23. cxb3 {[%emt 0:01:30]} Qe7 {[%emt 0:00:30]} 24. Qg3 {[%emt 0:02:30]} Qf7 {[%emt 0:01:30]} 25. exf5 {[%emt 0:07:30]} exf5 {[%emt 0:00:00]} 26. Rc1 {[%emt 0:02:30]} Be6 {[%emt 0:04:45]} 27. Rc7 {[%emt 0:01:30]} Re7 {[%emt 0:00:18]} 28. Rxe7 {[%emt 0:03:49]} Bxe7 {[%emt 0:01:12]} 29. Nc2 {[%emt 0:01:33]} Bf6 {[%emt 0:02:37]} 30. Nd4 {[%emt 0:00:19]} Rc8 {[%emt 0:02:27]} 31. Nxe6 {[%emt 0:01:47]} Qxe6 {[%emt 0:00:10]} 32. Bxf6 {[%emt 0:00:00]} Qxf6 {[%emt 0:00:09]} 33. Qd3 {[%emt 0:03:09]} Qe6 {[%emt 0:01:48]} 1/2-1/2

[Event "1st Turkish League 2017"]
[Site "Konya"]
[Date "2017.07.19"]
[Round "4"]
[White "Demirtas, Hafize"]
[Black "Erece, Ece Alkim"]
[Result "1/2-1/2"]
[WhiteElo "1676"]
[BlackElo "1829"]
[Annotator "NA"]
[PlyCount "101"]
[EventType "team-tourn"]
[EventCountry "TUR"]
[SourceTitle "playchess.com"]
[Source "ChessBase"]
[SourceQuality "1"]
[TimeControl "5400+30"]

1. e4 c5 2. Nf3 g6 3. c3 Bg7 4. d4 cxd4 5. cxd4 d5 6. e5 Bg4 7. Bb5+ Nd7 8. Nbd2 e6 9. O-O Ne7 10. h3 Bxf3 11. Nxf3 O-O 12. Bxd7 Qxd7 13. Qd3 f6 $14 14. exf6 Bxf6 15. Re1 Nc6 16. Bd2 Rfe8 17. Rac1 e5 18. dxe5 Nxe5 19. Nxe5 Bxe5 20. Rc5 Rad8 21. f4 Bxb2 22. Rxe8+ Qxe8 23. Rxd5 Rxd5 24. Qxd5+ Qf7 25. Qxf7+ Kxf7 26. Kf2 b5 27. Ke3 Ke6 28. Ke4 Bf6 29. Bb4 Bd8 30. g4 a5 31. Bc5 b4 32. Kd4 Bc7 33. Ke4 Bd8 34. Kd4 Bf6+ 35. Kc4 Bd8 36. Kd4 Bc7 37. Ke4 Bd8 38. f5+ gxf5+ 39. gxf5+ Kf7 40. Bd6 Be7 41. Bxe7 Kxe7 42. Kd5 a4 43. Kc4 b3 44. axb3 axb3 45. Kxb3 Kf6 46. Kc2 Kxf5 47. Kd2 Kf4 48. Ke2 Kg3 49. Kf1 Kxh3 50. Kg1 h5 51. Kh1 1/2-1/2

[Event "1st Turkish League 2017"]
[Site "Konya"]
[Date "2017.07.19"]
[Round "4"]
[White "Sahin, Hayrun Nisa"]
[Black "Saim, Sida"]
[Result "0-1"]
[WhiteElo "1576"]
[BlackElo "1634"]
[Annotator "NA"]
[PlyCount "56"]
[EventType "team-tourn"]
[EventCountry "TUR"]
[SourceTitle "playchess.com"]
[Source "ChessBase"]
[SourceQuality "1"]
[TimeControl "5400+30"]

1. e4 {[%emt 0:00:30]} d5 {[%emt 0:01:00]} 2. exd5 {[%emt 0:00:30]} Qxd5 {[%emt 0:00:30]} 3. Nc3 {[%emt 0:00:00]} Qd6 {[%emt 0:00:00]} 4. d4 {[%emt 0:01:00]} a6 {[%emt 0:01:00]} 5. g3 {[%emt 0:05:30]} Nf6 {[%emt 0:02:30]} 6. Bg2 {[%emt 0:01:30]} Bg4 {[%emt 0:03:30]} 7. Nge2 {[%emt 0:05:30]} Nc6 {[%emt 0:02:30]} 8. Be3 {[%emt 0:05:30]} O-O-O {[%emt 0:03:30]} 9. O-O {[%emt 0:09:30]} g6 {[%emt 0:04:30]} 10. a3 {[%emt 0:03:30]} Bg7 {[%emt 0:04:30]} 11. h3 {[%emt 0:05:30]} Bxe2 {[%emt 0:03:30]} 12. Nxe2 {[%emt 0:03:30]} e5 {[%emt 0:01:30]} 13. c3 {[%emt 0:05:30]} Nd5 {[%emt 0:01:30]} 14. Bxd5 {[%emt 0:10:30]} Qxd5 {[%emt 0:00:30]} 15. dxe5 {[%emt 0:01:30]} Qe6 {[%emt 0:08:30]} 16. Qc2 {[%emt 0:04:30]} Nxe5 {[%emt 0:00:30]} 17. Nf4 {[%emt 0:03:30]} Nf3+ {[%emt 0:01:30]} 18. Kh1 {[%emt 0:00:30]} Qc6 {[%emt 0:00:30]} 19. Ng2 {[%emt 0:00:30]} Qd7 {[%emt 0:05:30]} 20. Nf4 {[%emt 0:05:30]} Bh6 {[%emt 0:02:30]} 21. Rad1 {[%emt 0:01:30]} Qc6 {[%emt 0:00:30]} 22. Ng2 {[%emt 0:00:30]} Qe6 {[%emt 0:01:30]} 23. g4 {[%emt 0:00:30]} Qe5 {[%emt 0:00:30]} 24. Bf4 {[%emt 0:04:30]} Bxf4 {[%emt 0:00:30]} 25. Rd3 {[%emt 0:01:33]} Be3 {[%emt 0:02:30]} 26. Nf4 {[%emt 0:01:11]} Rxd3 {[%emt 0:00:30]} 27. fxe3 {[%emt 0:01:08]} Rxe3 {[%emt 0:00:30]} 28. Nd3 {[%emt 0:03:44]} Rxd3 {[%emt 0:00:30]} 0-1